Normal view
MARC view
Entry Personal Name
001 - CONTROL NUMBER
- control field: 1236249
003 - CONTROL NUMBER IDENTIFIER
- control field: OSt
005 - DATE AND TIME OF LATEST TRANSACTION
- control field: 20260430150030.0
008 - FIXED-LENGTH DATA ELEMENTS
- fixed length control field: 260430|| aca||aabn | a|a d
040 ## - CATALOGING SOURCE
- Original cataloging agency: OSt
- Transcribing agency: OSt
100 ## - HEADING--PERSONAL NAME
- Personal name: Chhabra Heeral Au.; Farooqui Amae Gu.; Kaul Shonaleeka Gu
670 ## - SOURCE DATA FOUND
- Source citation: Work cat.: (OSt)1848776: Chhabra Heeral Au.; Farooqui Amae Gu.; Kaul Shonaleeka Gu., Animals Welfare State regulations and question of Cruelty c. 1900-1940s, 2022
